| 000 | 00747nam a2200241 a 4500 | ||
|---|---|---|---|
| 005 | 20210223131951.0 | ||
| 008 | 121121s2001 es r 000 0 spa d | ||
| 020 | _a8481644455 (Trotta) | ||
| 020 | _a923303769X (UNESCO) | ||
| 035 | _aUPN01000188831 | ||
| 049 | _aCG | ||
| 050 | 4 |
_aPL811 O4.2 _bV4.7 |
|
| 100 | 1 |
_aMori, Ogai, _d1868-1912 _933364 |
|
| 245 | 1 | 0 |
_aVita sexualis : _bel aprendizaje de Shizu / _cOgai Mori ; tr. Fernando Rodríguez-Izquierdo Gavala. |
| 260 |
_aMadrid : _bTrotta : _bUNESCO, _cc2001. |
||
| 300 | _a181 p. | ||
| 440 | 0 |
_aPliegos de oriente ; _v7 |
|
| 534 |
_pTítulo original: _tVita sexualis |
||
| 650 | 4 |
_aNOVELA JAPONESA _910011 |
|
| 650 | 4 |
_aSEXO EN LA LITERATURA _913480 |
|
| 905 | _aLibro | ||
| 999 |
_c160934 _d160934 |
||